Cases on international law

সংরক্ষণ করুন:
গ্রন্থ-পঞ্জীর বিবরন
প্রধান লেখক: Scott, James Brown
বিন্যাস: গ্রন্থ
ভাষা:Undetermined
প্রকাশিত: St. Paul, Minn. West publishing co. 1937
বিষয়গুলি:
ট্যাগগুলো: ট্যাগ যুক্ত করুন
কোনো ট্যাগ নেই, প্রথমজন হিসাবে ট্যাগ করুন!
Thư viện lưu trữ: Trung tâm Học liệu Trường Đại học Cần Thơ
LEADER 00506nam a2200181Ia 4500
001 CTU_89628
008 210402s9999 xx 000 0 und d
082 |a 341 
082 |b S427 
100 |a Scott, James Brown 
245 0 |a Cases on international law 
245 0 |c James Brown Scott, Walter H. E. Jaeger 
260 |a St. Paul, Minn. 
260 |b West publishing co. 
260 |c 1937 
650 |a International law 
904 |i Bằng 
980 |a Trung tâm Học liệu Trường Đại học Cần Thơ